| 000 | 00000cas 2200000zi 4500 |
| 001 | 9.909862 |
| 003 | CaOODSP |
| 005 | 20260511072913 |
| 006 | m o d f |
| 007 | cr cn |||||||| |
| 008 | 220405c20229999oncar p o f0###a0eng|d |
| 022 | |a2816-461X |
| 040 | |aCaOODSP|beng|erda|cCaOODSP |
| 043 | |an-cn-nf |
| 086 | 1 |aFs74-43E-PDF |
| 222 | 0|aCanadian sailing directions. ATL 101, Newfoundland, northeast and east coasts |
| 245 | 00|aCanadian sailing directions. |nATL 101, |pNewfoundland, northeast and east coasts. |
| 246 | 30|aNewfoundland, northeast and east coasts |
| 264 | 1|aOttawa, Ontario, Canada : |bCanadian Hydrographic Service, Fisheries and Oceans Canada = Service hydrographique du Canada, Pêches et océans Canada, |c[2022]- |
| 310 | |aAnnual |
| 336 | |atext|btxt|2rdacontent |
| 337 | |acomputer|bc|2rdamedia |
| 338 | |aonline resource|bcr|2rdacarrier |
| 362 | 1 |aBegan with: 2021/12. |
| 500 | |aIssued also in French under title: Instructions nautiques du Canada. ATL 101, Terre-Neuve, côtes nord-est et est. |
| 588 | |aDescription based on: 2021/12; title from PDF cover page. |
| 588 | |aLatest issue consulted: 2025/10. |
| 650 | 0|aNavigation|zNewfoundland and Labrador|vPeriodicals. |
| 655 | 7|aPeriodicals|2lcgft |
| 710 | 2 |aCanadian Hydrographic Service, |eissuing body. |
| 775 | 08|tInstructions nautiques du Canada. |w(CaOODSP)9.909861 |
| 780 | 00|tSailing directions. |w(CaOODSP)9.908444 |